Music Quiz

Random Music or Kpop Quiz

Winner & iKON members (Picture Click) Quiz Stats

 Plays Quiz not verified by Sporcle

Score 0/11 Timer 03:00
0 Plays Today
% Correct
Bobby
94.1%
Mino
92.6%
Junhoe
90.4%
B.I
87%
Jinhwan
86.5%
Chanwoo
86.3%
Jinwoo
84.7%
Seunghoon
84%
Yunhyeong
80.2%
Donghyuk
77.2%
Seungyoon
74.2%

You're not logged in!

Compare scores with friends on all Sporcle quizzes.
OR
Log In

Sporcle TV

Today on Sporcle TV


Watch our educational content, quiz creation guides, and fun videos on Sporcle TV.

Show Comments

Extras

Created Sep 3, 2017ReportNominate
Tags:Kpop Quiz, Kpop Quiz

Top Quizzes Today


Score Distribution

Your Account Isn't Verified!

In order to create a playlist on Sporcle, you need to verify the email address you used during registration. Go to your Sporcle Settings to finish the process.

Report this User

Report this user for behavior that violates our Community Guidelines.

Details: